000 00536nam a2200181Ia 4500
005 20250423101233.0
008 250422s9999 xx 000 0 und d
020 _a0887387586
050 _aHB 99.5 .E26/
245 4 _aThe Economy as a system of power
250 _a2nd ed.
260 _aNew Brunswick
260 _bTransaction Books
260 _c1989
300 _a429 p
650 _aInstitutional economics. Power (Social sciences) Corporations. Industries --Social aspects. International economic relations.
942 _cBK
999 _c35705
_d35705